Advances in protein chemistry
Allostery and protein substrate conformational change during GroEL/GroES-mediated protein folding, Type II chaperonins, prefoldin, and the tubulin-specific chaperones, Structure, function, and mechanism of the Hsp90 molecular chaperone, The proteasome : a supramolecular assembly designed for control...
Gardado en:
| Formato: | Libro |
|---|---|
| Idioma: | Undetermined |
| Publicado: |
San Diego
Academic Press
2002
|
| Những chủ đề: | |
| Các nhãn: |
Engadir etiqueta
Sen Etiquetas, Sexa o primeiro en etiquetar este rexistro!
|
| Thư viện lưu trữ: | Trung tâm Học liệu Trường Đại học Cần Thơ |
|---|
| LEADER | 00840nam a2200193Ia 4500 | ||
|---|---|---|---|
| 001 | CTU_191868 | ||
| 008 | 210402s9999 xx 000 0 und d | ||
| 082 | |a 547.7 | ||
| 082 | |b A244/Vol.59 | ||
| 245 | 0 | |a Advances in protein chemistry | |
| 245 | 0 | |c Arthur Horwich | |
| 260 | |a San Diego | ||
| 260 | |b Academic Press | ||
| 260 | |c 2002 | ||
| 520 | |a Allostery and protein substrate conformational change during GroEL/GroES-mediated protein folding, Type II chaperonins, prefoldin, and the tubulin-specific chaperones, Structure, function, and mechanism of the Hsp90 molecular chaperone, The proteasome : a supramolecular assembly designed for controlled proteolysis | ||
| 650 | |a Protein folding,Tế bào,Cells | ||
| 650 | |x Chuyển hóa,Metabolism | ||
| 904 | |i Trúc | ||
| 980 | |a Trung tâm Học liệu Trường Đại học Cần Thơ | ||